| 000 | 00745cam a22002411 4500 | ||
|---|---|---|---|
| 001 | 0000003463 | ||
| 005 | 20170406115036.0 | ||
| 008 | 731015s1962 enk 000 0 eng | ||
| 010 | _a 62003290 | ||
| 015 | _aGB62-8278 | ||
| 035 | _9(DLC) 62003290 | ||
| 035 | _a(OCoLC)717548 | ||
| 040 |
_aDLC _cOTU _dOCoLC _dUk _dWaChenE _dDLC |
||
| 042 | _aemarc=LC PreMARC Retrospective Conversion Project | ||
| 050 | 0 | 0 |
_aPA6537 _b.W52 |
| 082 | 0 | _a871 | |
| 100 | 1 | _aWilkinson, L. P. | |
| 245 | 1 | 0 |
_aOvid surveyed : _ban abridgement, for the general reader, of Ovid recalled. |
| 260 |
_aCambridge [Eng.] : _bUniversity Press, _c1962. |
||
| 300 |
_a235 p. ; _c22 cm. |
||
| 600 | 1 | 0 |
_aOvid, _d43 B.C.-17 A.D. or 18 A.D. |
| 908 | _a140618 | ||
| 999 |
_c3339 _d3339 |
||